Statistics for Guess The Lyrics To Pendulum's "Watercolour"

Click here to take the quiz!

General Stats

  • This quiz has been taken 32 times
  • The average score is 146 of 247

Answer Stats

# Answer % Correct
17in
79%
43I
79%
1When
71%
105fire
71%
47your
71%
85do
71%
21my
71%
19eyes
71%
18the
71%
88when
71%
6you
71%
176to
71%
8me
71%
13too
64%
96no
64%
76Are
64%
73all
64%
69All
64%
49Take
64%
4down
64%
46see
64%
114on
64%
39by
64%
44can
64%
159Just
64%
29here
64%
27out
64%
163are
64%
25take
64%
9up
64%
20of
64%
72and
57%
161where
57%
10again
57%
2I'm
57%
113Come
57%
71believe
57%
7pick
57%
48face
57%
45not
57%
5Will
57%
141come
57%
115with
50%
160stay
50%
109Throw
50%
108vision
50%
106Break
50%
174there's
50%
103Feed
50%
75known
50%
38blinded
50%
35barrel
50%
41lights
50%
32staring
50%
78taken
50%
79from
50%
22friends
50%
16Dead
50%
15gone
50%
14far
50%
3falling
50%
167subside
43%
175nothing
43%
91Let
43%
90collide
43%
111fists
43%
74I've
43%
89worlds
43%
173If
36%
177hide
36%
77being
36%
97surprise
36%
83home
36%
93fear
36%
84Yeah
29%
95bring
29%
94collapse
29%
87worst
29%
82at
21%
92their
21%
81back
14%

Score Distribution

Percentile by Number Answered

Percent of People with Each Score

Your Score History

You have not taken this quiz